| 000 | 00654cam a22002173a 4500 | ||
|---|---|---|---|
| 001 | 44234 | ||
| 003 | PGUSA | ||
| 005 | 20140828084017.0 | ||
| 008 | 131119s2013||||xxu|||||s|||||000 | eng d | ||
| 040 |
_aPGUSA _beng |
||
| 042 | _adc | ||
| 100 | 1 | _aSchwink, Otto | |
| 245 | 1 | 0 |
_aYpres 1914 : _bAn Official Account Published by Order of the German General Staff _h[electronic resource] / _cOtto Schwink |
| 260 |
_bProject Gutenberg, _c2013 |
||
| 506 | _aPublic domain in the USA. | ||
| 516 | _aElectronic text | ||
| 700 | 1 | _aWynne, Graeme Chamley | |
| 830 | 0 |
_aProject Gutenberg _v44234 |
|
| 856 | 4 | 0 | _uhttp://www.gutenberg.org/ebooks/44234 |
| 942 | _cEB | ||
| 999 |
_c273485 _d273485 |
||